000 01508nam a2200301 a 4500
001 BRCA_2418
005 20190320203811.0
008 131108s1757----sp-a---###---#000-0#spa-u
041 _aspa
044 _asp
084 _a059
_b.B37
_c1757
100 1 _aCervantes Saavedra, Miguel de
_d1547-1616
_9213
245 1 0 _aVida y hechos del Ingenioso Cavallero D. Quixote de la Mancha
_ccompuesto por Miguel de Cervantes Saavedra.
260 _aTarragona (España)
_bJoseph Barber
_c1757
300 _a4 v.
_bil.
_c15 cm.
500 _aContenido : v 1. Primera parte. Dedicatoria de Cide Hamete Benengeli a D. Quijote. Versos preliminares. Licencia. Tasa. Prólogo del autor. Texto. -- v 2. Licencia de la primera parte y tasa. Texto. -- v 3. Segunda parte. Aprovación. Licencia. Tasa. Prólogo del autor. Texto. -- v 4. Licencia y Tasa. Texto
500 _aEdición : Dedicada al mismo Don Quixote
500 _aEdición igual al LO-058. Va adornada con las mismas láminas grabadas muy toscamante y de papel e impresión malos. Encuadernada en pergamino Lúdovik Osterc
500 _aEstado físico : Encuadernación ligeramente desprendida
500 _aQM45
650 1 4 _aNovela española
_yÉpoca clásica, 1500-1700
_9215
650 1 4 _aLiteratura clásica
_yÉpoca clásica, 1500-1700
_97101
650 1 4 _aNovela española
_ySiglo XVII
_9217
650 1 4 _aDon Quijote (Personaje ficticio)
_eNovela
_9218
740 0 _aEl Ingenioso Hidalgo Don Quijote de la Mancha
902 _aQFM
942 _2lcc
_cB
999 _c2159
_d2159